[Event "IND Railways-ch"]
[Site "Chennai"]
[Date "2006.07.28"]
[Round "4"]
[White "Verma, Sanjay"]
[Black "Ramakrishna, J."]
[Result "0-1"]
[WhiteElo "2050"]
[BlackElo "2264"]
[PlyCount "70"]
[EventDate "2006.07.27"]
[EventType "tourn"]
[EventRounds "9"]
[EventCountry "IND"]
[SourceTitle "EXT 2010"]
[Source "ChessBase"]
[SourceDate "2010.11.25"]
[SourceVersion "1"]
[SourceVersionDate "2010.11.25"]
[SourceQuality "1"]

1. e4 c5 2. c3 Nf6 3. d3 Nc6 4. g3 d5 5. exd5 Qxd5 6. Qf3 Qd6 7. Qd1 Bf5 8. Na3 0-0-0 9. Nc4 Qd5 10. Qf3 Qd7 11. Bg5 e5 12. Ne3 Be6 13. Bxf6 gxf6 14. Qxf6 Be7 15. Qh6 Kb8 16. Be2 f5 17. Nf3 Rhf8 18. 0-0 Bf6 19. Ng2 Ne7 20. Qe3 Qd6 21. Rfd1 Nc6 22. Bf1 Rg8 23. Re1 Bd5 24. Nd2 h5 25. Nc4 Qf8 26. f4 e4 27. dxe4 Bxe4 28. Rad1 h4 29. Rxd8+ Bxd8 30. Bd3 hxg3 31. Bxe4 gxh2+ 32. Kxh2 fxe4 33. Qxe4 Bc7 34. Ne5 Nxe5 35. fxe5 Qf2 0-1

[Event "Salem op"]
[Site "Salem"]
[Date "2000.??.??"]
[Round "3"]
[White "Verma, Sanjay"]
[Black "Thejkumar, MS."]
[Result "1-0"]
[WhiteElo "2147"]
[BlackElo "2252"]
[PlyCount "49"]
[EventDate "2000.05.??"]
[EventType "swiss"]
[EventRounds "11"]
[EventCountry "IND"]
[SourceTitle "EXT 2001"]
[Source "ChessBase"]
[SourceDate "2000.11.22"]
[SourceVersion "1"]
[SourceVersionDate "2000.11.22"]
[SourceQuality "1"]

1. e4 c6 2. d4 d5 3. Nc3 dxe4 4. Nxe4 Bf5 5. Ng3 Bg6 6. c3 Nf6 7. Bd3 e6 8. Bxg6 hxg6 9. Qb3 Qc8 10. Nf3 Bd6 11. 0-0 Nbd7 12. Bd2 Qc7 13. Rad1 0-0-0 14. Bg5 Rde8 15. c4 Ng8 16. c5 Be7 17. Bxe7 Rxe7 18. Qa4 b5 19. cxb6 Nxb6 20. Qa3 Kb7 21. Rc1 Re8 22. h3 Nf6 23. Ne5 Qe7 24. Qxe7+ Rxe7 25. Rxc6 1-0